MARC

Tag First Indicator Second Indicator Subfields
LEADER 00000cam a2200000 a 4500
001 in00000014651
005 20151007052248.0
008 860716s1986 njuabf b 00110 eng
010 |a  86017281  
020 |a 0895292645 (pbk.) 
020 |a 0895293242 (hard) 
035 |a (OCoLC)14003002 
035 |9 AAA7024AM 
040 |a DLC  |c DLC  |d m/c  |d OCL  |d TXA  |d UtOrBLW 
043 |a n-us---  |a n-mx---  |a e-uk--- 
049 |a TXAM  |c 1 [A10107518]  |a TXAS [mil]  |c 2 
050 0 0 |a E181  |b .P5 1986 
082 0 |a 973  |2 19 
100 1 |a Palmer, Dave Richard,  |d 1934- 
245 1 0 |a Early American wars and military institutions /  |c Dave Richard Palmer, James W. Stryker. 
264 1 |a Wayne, N.J. :  |b Avery Pub. Group,  |c [1986] 
264 4 |c ©1986 
300 |a xi, 84 pages, 25 unnumbered folded leaves of plates :  |b illustrations, color maps ;  |c 28 cm. 
336 |a text  |b txt  |2 rdacontent 
337 |a unmediated  |b n  |2 rdamedia 
338 |a volume  |b nc  |2 rdacarrier 
490 1 |a The West Point military history series 
504 |a Bibliography: page 79. 
500 |a Includes index. 
651 0 |a United States  |x History, Military  |y To 1900. 
650 0 |a Military art and science  |z United States  |x History  |y 18th century. 
650 0 |a Military art and science  |z United States  |x History  |y 19th century. 
651 0 |a United States  |x History  |y Revolution, 1775-1783  |x Campaigns. 
651 0 |a United States  |x History  |y War of 1812  |x Campaigns. 
650 0 |a Mexican War, 1846-1848  |x Campaigns. 
700 1 |a Stryker, James W. 
830 0 |a West Point military history series. 
999 |a MARS 
999 f f |s 2edf98d9-6737-35c2-a55f-c4fe96db770d  |i 6ed1f2f1-d0d5-349a-954c-beaac12bc694  |t 0 
952 f f |p noncirc  |a Texas A&M University  |b College Station  |c Cushing Memorial Library & Archives  |d Cushing: Ragan Military (Does not check out)  |t 0  |e E181 .P5 1986  |h Library of Congress classification  |i unmediated -- volume 
952 f f |p ric  |a Texas A&M University  |b Rellis Campus  |c Joint Library Facility  |d Remote Storage  |t 0  |e E181 .P5 1986  |h Library of Congress classification  |i unmediated -- volume  |m A14810107518 
998 f f |a E181 .P5 1986  |t 0  |l Remote Storage 
998 f f |a E181 .P5 1986  |t 0  |l Cushing: Ragan Military (Does not check out)